00862nam a2200253 a 4500001001000000003000500010005001700015008004100032010001100073011001100084020001800095040000900113082001500122100003300137245017100170260004100341300001800382490004000400650002800440650002700468700003700495700003600532830004000568000114791CHAP20220817044803.0180416s2015 sp a |r| ||||||spa d a111252 a112224 a9788490771167 cCHAP04a363.7bL791 aLlorca Navasquillo, Federico10aTécnicas de educación ambiental e interpretación ambiental /cpor Federico Llorca Navasquillo, José Antonio Gómez García y Francisco J. Mansergas López. aMadrid :bEditorial Sintesis,c2015. a260 p. :bil. aAgraria. Seguridad y medio ambiente14aDesarrollo sustentable.14aEducación ambiental.1 aGómez García, José Antonio1 aMansergas López, Francisco J. 0aAgraria. Seguridad y medio ambiente